GSK -I & II (Record no. 308638)

000 -LEADER
fixed length control field 00315 a2200145 4500
001 - CONTROL NUMBER
control field 73565
082 ## - DEWEY DECIMAL CLASSIFICATION NUMBER
Classification number 358.4 CFT
090 ## - LOCALLY ASSIGNED LC-TYPE CALL NUMBER (OCLC); LOCAL CALL NUMBER (RLIN)
-- 38920
-- 38920
100 ## - MAIN ENTRY--PERSONAL NAME
Personal name CFT
245 ## - TITLE STATEMENT
Title GSK -I & II
Medium English
260 ## - PUBLICATION, DISTRIBUTION, ETC.
Place of publication, distribution, etc. Masroor
Name of publisher, distributor, etc. PAF Press Masroor
Date of publication, distribution, etc. 2005
300 ## - PHYSICAL DESCRIPTION
Extent 52p.
500 ## - GENERAL NOTE
General note CFT Precise
600 ## - SUBJECT ADDED ENTRY--PERSONAL NAME
Personal name Cdt Wing
942 ## - ADDED ENTRY ELEMENTS (KOHA)
Institution code [OBSOLETE] NUST CAE
Call number prefix 358.4 CFT
Holdings
Withdrawn status Lost status Damaged status Not for loan Collection code Permanent Location Current Location Date acquired Total Checkouts Full call number Barcode Date last seen Price effective from Koha item type
          College of Aeronautical Engineering (CAE) College of Aeronautical Engineering (CAE) 04/03/2017   358.4 CFT CAEGSK-117 04/05/2017 04/05/2017 Book
© 2023 Central Library, National University of Sciences and Technology. All Rights Reserved.